| 000 | 004290000a22001810004500 | ||
|---|---|---|---|
| 003 | MACL | ||
| 005 | 20160130143311.0 | ||
| 008 | 160130b xxu||||| |||| 00| 0 eng d | ||
| 040 |
_aMACL _cMACL |
||
| 041 | _aEnglish | ||
| 082 | _a823/FRE | ||
| 100 |
_aForsyth, Frederick _935257 |
||
| 245 | _aThe Fist of God | ||
| 260 |
_bCorgi Books _c1994 _aBritain |
||
| 350 | _a99 | ||
| 650 |
_aFiction _936144 |
||
| 942 |
_cBK _k823/FOR _2ddc |
||
| 999 |
_c31888 _d31888 |
||